MARC details
| 000 -LEADER |
| fixed length control field |
01174nam a22002777a 4500 |
| 003 - CONTROL NUMBER IDENTIFIER |
| control field |
OSt |
| 005 - DATE AND TIME OF LATEST TRANSACTION |
| control field |
20250329164414.0 |
| 008 - FIXED-LENGTH DATA ELEMENTS--GENERAL INFORMATION |
| fixed length control field |
240906b ||||| |||| 00| 0 eng d |
| 040 ## - CATALOGING SOURCE |
| Transcribing agency |
0 |
| 082 ## - DEWEY DECIMAL CLASSIFICATION NUMBER |
| Classification number |
DPer 621.317 Ie21 December 2022 v.37 n. 12 part 1&2. |
| 100 ## - MAIN ENTRY--PERSONAL NAME |
| Personal name |
Li, Zhengxuan. |
| Relator term |
author. |
| 9 (RLIN) |
60407 |
| 245 ## - TITLE STATEMENT |
| Title |
Analysis and optimization of energy variations in mmcs with variable dc voltages / |
| Statement of responsibility, etc. |
Zhengxuan Li, Qiang Song, Shukai Xu, Biao Zhao, Zhanqing Yu, and Rong Zeng. |
| 260 ## - PUBLICATION, DISTRIBUTION, ETC. (IMPRINT) |
| Place of publication, distribution, etc. |
New York ; |
| Name of publisher, distributor, etc. |
The Institute of Electrical and Electronics Engineers, Inc., |
| Date of publication, distribution, etc. |
December 2022. |
| 300 ## - PHYSICAL DESCRIPTION |
| Extent |
volume 37, pages 14562-144574, |
| Other physical details |
illustration. |
| 500 ## - GENERAL NOTE |
| General note |
IEEE Transactions on Power Electronics, v. 37 n. 12, pages 14562-144574, December 2022. |
| 650 #0 - SUBJECT ADDED ENTRY--TOPICAL TERM |
| Topical term or geographic name as entry element |
Circulating current. |
| 9 (RLIN) |
66089 |
| 650 #0 - SUBJECT ADDED ENTRY--TOPICAL TERM |
| Topical term or geographic name as entry element |
Energy storage. |
| 9 (RLIN) |
66090 |
| 650 #0 - SUBJECT ADDED ENTRY--TOPICAL TERM |
| Topical term or geographic name as entry element |
modular multilevel converter (MMC). |
| 9 (RLIN) |
66091 |
| 700 ## - ADDED ENTRY--PERSONAL NAME |
| Personal name |
Li, Zhengxuan. |
| Relator term |
author. |
| 9 (RLIN) |
60407 |
| 700 ## - ADDED ENTRY--PERSONAL NAME |
| Personal name |
Song, Qiang. |
| Relator term |
author. |
| 9 (RLIN) |
60408 |
| 700 ## - ADDED ENTRY--PERSONAL NAME |
| Personal name |
Xu, Shukai. |
| Relator term |
author. |
| 9 (RLIN) |
60409 |
| 700 ## - ADDED ENTRY--PERSONAL NAME |
| Personal name |
Zhao, Biao. |
| Relator term |
author. |
| 9 (RLIN) |
60410 |
| 700 ## - ADDED ENTRY--PERSONAL NAME |
| Personal name |
Yu, Zhanqing. |
| Relator term |
author. |
| 9 (RLIN) |
60411 |
| 700 ## - ADDED ENTRY--PERSONAL NAME |
| Personal name |
Zeng, Rong. |
| Relator term |
author. |
| 9 (RLIN) |
60412 |
| 942 ## - ADDED ENTRY ELEMENTS (KOHA) |
| Source of classification or shelving scheme |
Dewey Decimal Classification |
| Koha item type |
Periodicals |